| 000 | 00442 a2200169 4500 | ||
|---|---|---|---|
| 020 | _a9788183331180 | ||
| 082 | _a005.133 | ||
| 090 |
_c7027 _d7027 |
||
| 100 | _aKanetkar, Yashavant P | ||
| 245 |
_aTest your C skills _cYashavant P. Kanetkar |
||
| 250 | _a5th ed. | ||
| 260 |
_aNew Delhi _bBPB Publications _c2011 |
||
| 300 | _a508 p. | ||
| 650 | _aC--Computer program language | ||
| 700 | _aYashavant P. Kanetkar | ||
| 942 |
_cBK _k005.133 KAN |
||
| 999 |
_c10836 _d10836 |
||